Welcome to CU Library Online Public Access Catalogue (OPAC)

Engaging the doctrine of God : (Record no. 6966)

MARC details
000 -LEADER
fixed length control field 00794cam a2200217 a 4500
001 - CONTROL NUMBER
control field 15043977
005 - DATE AND TIME OF LATEST TRANSACTION
control field 20250714161322.0
008 - FIXED-LENGTH DATA ELEMENTS--GENERAL INFORMATION
fixed length control field 071015s2008 miu b 001 0 eng
020 ## - INTERNATIONAL STANDARD BOOK NUMBER
International Standard Book Number 9780801035524
Qualifying information pbk.
020 ## - INTERNATIONAL STANDARD BOOK NUMBER
International Standard Book Number 080103552X
Qualifying information pbk.
050 00 - LIBRARY OF CONGRESS CALL NUMBER
Classification number BT98
Item number .E54 2008
082 00 - DEWEY DECIMAL CLASSIFICATION NUMBER
Classification number 231
Edition information 22
245 00 - TITLE STATEMENT
Title Engaging the doctrine of God :
Remainder of title contemporary Protestant perspectives /
Statement of responsibility, etc. edited by Bruce L. McCormack.
260 ## - PUBLICATION, DISTRIBUTION, ETC.
Place of publication, distribution, etc. Grand Rapids, Mich. :
Name of publisher, distributor, etc. Baker Academic ;
Place of publication, distribution, etc. Edinburgh :
Name of publisher, distributor, etc. Rutherford House,
Date of publication, distribution, etc. c2008.
300 ## - PHYSICAL DESCRIPTION
Extent 271 p. ;
Dimensions 23 cm.
650 #0 - SUBJECT ADDED ENTRY--TOPICAL TERM
Topical term or geographic name entry element God (Christianity)
General subdivision History of doctrines.
650 #0 - SUBJECT ADDED ENTRY--TOPICAL TERM
Topical term or geographic name entry element Protestant churches
General subdivision Doctrines
-- History.
700 1# - ADDED ENTRY--PERSONAL NAME
Personal name McCormack, Bruce L.
856 41 - ELECTRONIC LOCATION AND ACCESS
Materials specified Table of contents
Uniform Resource Identifier <a href="http://www.loc.gov/catdir/toc/fy0804/2007042766.html">http://www.loc.gov/catdir/toc/fy0804/2007042766.html</a>
942 ## - ADDED ENTRY ELEMENTS (KOHA)
Source of classification or shelving scheme Library of Congress Classification
Koha item type Books
Suppress in OPAC No
999 ## -
-- 6966
-- 6966
Holdings
Withdrawn status Lost status Source of classification or shelving scheme Damaged status Not for loan Collection Home library Current library Shelving location Date acquired Total checkouts Full call number Barcode Date last seen Copy number Price effective from Koha item type
    Library of Congress Classification     Non-fiction Undergraduate Library (Christ Temple) Undergraduate Library (Christ Temple) General stacks 07/14/2025   BT 98.E54 ENG ulct00003847 07/14/2025 1 07/14/2025 Books
    Library of Congress Classification     Non-fiction Undergraduate Library (Christ Temple) Undergraduate Library (Christ Temple) General stacks 07/14/2025   BT 98.E54 ENG ulct00003848 07/14/2025 2 07/14/2025 Books
© 2023-2024 Copyright: Central University Libraries. All Rights Reserved | Created by: Mahone Tech Office